000 00553nam a2200181Ia 4500
008 090123s9999 xx 000 0 und d
082 _b36844
_a891.463/जयवंत
100 _aजयवंत अरविंद
245 _aबहुरुपी
250 _a1
260 _bपार्टनर पब्लिकेशन
_c2004
300 _a184
600 _aजयवंत अरविंद
630 _aबहुरुपी
700 _aजयवंत अरविंद
730 _aबहुरुपी
942 _cBOOK
999 _c74910
_d74910